[Event "Titled Tuesday intern op 16th Apr Early"]
[Site "Chess.com INT"]
[Date "2024.04.16"]
[Round "1"]
[White "Kuznetsova, Marina"]
[Black "Bodnaruk, Anastasia"]
[Result "0-1"]
[WhiteElo "2054"]
[BlackElo "2359"]
[PlyCount "100"]
[EventDate "2024.04.16"]
[EventType "swiss (blitz)"]
[EventRounds "11"]
[EventCountry "USA"]
[SourceTitle "CB17_2024"]
[SourceDate "2024.04.24"]
[SourceVersion "1"]
[SourceVersionDate "2024.04.24"]
[SourceQuality "1"]

1. e4 c5 2. Nf3 d6 3. d4 cxd4 4. Nxd4 Nf6 5. f3 e5 6. Nb3 Be7 7. c4 a5 8. Be3 a4 9. N3d2 Nc6 10. Nc3 a3 11. b3 0-0 12. Bd3 Be6 13. 0-0 Nd7 14. Rc1 Nd4 15. b4 Bg5 16. Bf2 g6 17. Rb1 f5 18. Nb3 Nc6 19. Nc1 Nb6 20. Nd5 Na4 21. Ne2 Bh6 22. Qb3 Nb2 23. Bb6 Qd7 24. Nc7 Be3+ 25. Bxe3 Qxc7 26. Nc3 Nxd3 27. Nb5 Qf7 28. Nxd6 Qe7 29. Qxd3 Rfd8 30. c5 Bxa2 31. Ra1 Nxb4 32. Qc3 Ra4 33. exf5 Nd5 34. Qd2 Nxe3 35. Qxe3 Bd5 36. fxg6 a2 37. gxh7+ Kh8 38. Rfe1 Rb4 39. Qc3 Rb3 40. Rxe5 Qxd6 41. Re8+ Kxh7 42. Qh8+ Kg6 43. Rxd8 Rb1+ 44. Kf2 Qxc5+ 45. Kg3 Qc7+ 46. Kh4 Qc4+ 47. Kg3 Qc7+ 48. f4 Rb3+ 49. Kg4 Be6+ 50. Kh4 Qxf4+ 0-1

[Event "Swiss Queens Wed #1"]
[Site "FIDE Online Arena INT"]
[Date "2024.01.31"]
[Round "2"]
[White "Stangl, Anita"]
[Black "Kuznetsova, Marina"]
[Result "0-1"]
[WhiteElo "2055"]
[BlackElo "2034"]
[PlyCount "126"]
[EventDate "2024.01.31"]
[EventType "swiss (blitz)"]
[EventRounds "11"]
[EventCountry "NET"]
[SourceTitle "CB06_2024"]
[SourceDate "2024.02.07"]
[SourceVersion "1"]
[SourceVersionDate "2024.02.07"]
[SourceQuality "1"]

1. e4 c6 2. d4 d5 3. e5 Bf5 4. g4 Bd7 5. c3 e6 6. Nf3 c5 7. Nbd2 cxd4 8. cxd4 Nc6 9. a3 Qb6 10. Nb3 a5 11. a4 Bb4+ 12. Ke2 f6 13. Bf4 Nge7 14. exf6 gxf6 15. Bh3 Ng6 16. Bh6 Bd6 17. Qd3 Nb4 18. Qd2 Qa6+ 19. Kd1 Rc8 20. Bf1 Qb6 21. Bd3 Nxd3 22. Qxd3 Rc4 23. Nbd2 Rb4 24. b3 Kf7 25. Ke2 Rc8 26. Rhc1 Rc6 27. h4 Qc7 28. h5 Rxc1 29. Rxc1 Qxc1 30. hxg6+ hxg6 31. Nh4 Qb2 32. Qxg6+ Ke7 33. Qg7+ Kd8 34. Qxf6+ Kc7 35. Bg5 Rxd4 36. Qd8+ Kc6 37. Be3 Re4 38. f3 Rxe3+ 39. Kxe3 Bc5+ 40. Ke2 Qe5+ 41. Kd1 Qa1+ 42. Ke2 Qc3 43. Ng2 Qe5+ 44. Kd1 Qg3 45. Ne1 Bf2 46. Nd3 Qg1+ 47. Ke2 Bd4 48. Qb8 Qe3+ 49. Kd1 Qxd3 50. g5 Qf5 51. Qg8 e5 52. g6 Qe6 53. Qf8 Qxg6 54. b4 Qg1+ 55. Ke2 axb4 56. Qxb4 Qg2+ 57. Kd1 Qg1+ 58. Ke2 Kc7 59. a5 Qe3+ 60. Kd1 Qc3 61. Qb1 Ba4+ 62. Ke2 Qe3+ 63. Kf1 Qf2# 0-1

[Event "Chigorin Memorial 30th"]
[Site "St Petersburg"]
[Date "2023.10.28"]
[Round "8"]
[White "Kuznetsova, Marina"]
[Black "Belyakov, Bogdan"]
[Result "1/2-1/2"]
[WhiteElo "2052"]
[BlackElo "2418"]
[PlyCount "79"]
[EventDate "2023.10.21"]
[EventType "swiss"]
[EventRounds "9"]
[EventCountry "RUS"]
[SourceTitle "Mega2024 Update 01"]
[Source "Chessbase"]
[SourceDate "2023.11.12"]
[SourceVersion "1"]
[SourceVersionDate "2023.11.12"]
[SourceQuality "1"]

1. e4 e5 2. Nf3 Nc6 3. d4 exd4 4. Nxd4 Nf6 5. Nxc6 bxc6 6. e5 Ne4 7. Nd2 Nc5 8. Be2 d5 9. 0-0 Be7 10. b3 0-0 11. Bb2 Rb8 12. a4 Ne6 13. Nf3 c5 14. Qc1 c6 15. a5 f5 16. exf6 Bxf6 17. Ne5 Qd6 18. f4 Nd4 19. Bd3 Bf5 20. Qd2 Bxe5 21. fxe5 Qxe5 22. Bxf5 Rxf5 23. Rxf5 Qxf5 24. Bxd4 cxd4 25. Rf1 Qe5 26. Re1 Qf6 27. Rf1 Qe5 28. Re1 Qc7 29. Qxd4 Rf8 30. Qc5 h6 31. h3 Rf6 32. Re7 Qf4 33. Qxa7 Qf1+ 34. Kh2 Qf4+ 35. Kg1 Qf1+ 36. Kh2 Qf4+ 37. Kg1 Qf1+ 38. Kh2 Qf4+ 39. Kg1 Qf1+ 40. Kh2 1/2-1/2

[Event "St Petersburg Korchnoi Memorial op"]
[Site "St Petersburg"]
[Date "2023.08.21"]
[Round "6"]
[White "Kuznetsova, Marina"]
[Black "Galakhanova, Evelina"]
[Result "1/2-1/2"]
[WhiteElo "2169"]
[BlackElo "1747"]
[PlyCount "80"]
[EventDate "2023.08.18"]
[EventType "swiss"]
[EventRounds "9"]
[EventCountry "RUS"]
[SourceTitle "EXT 2024"]
[Source "ChessBase"]
[SourceDate "2023.10.10"]
[SourceVersion "1"]
[SourceVersionDate "2023.10.10"]
[SourceQuality "1"]

1. e4 c5 2. Nc3 Nc6 3. Bb5 Nd4 4. Nf3 a6 5. Bd3 g6 6. 0-0 Bg7 7. Re1 Nxf3+ 8. Qxf3 d6 9. Ne2 Nf6 10. c3 Bg4 11. Qg3 h5 12. h3 h4 13. Qh2 Bxe2 14. Bxe2 Nh5 15. d3 e5 16. Be3 Bh6 17. Bxh6 Rxh6 18. Bxh5 Rxh5 19. d4 Qb6 20. Rad1 0-0-0 21. Rd2 f6 22. Kh1 Kb8 23. dxc5 dxc5 24. Red1 Rxd2 25. Rxd2 Rh8 26. f4 Re8 27. fxe5 Rxe5 28. Qf4 g5 29. Qf3 Qe6 30. Re2 Qe7 31. Kg1 f5 32. Rf2 Rxe4 33. Qxf5 Re1+ 34. Rf1 Qe3+ 35. Kh1 Re2 36. Rf3 Re1+ 37. Rf1 Re2 38. Rf3 Re1+ 39. Rf1 Re2 40. Rf3 Re1+ 1/2-1/2

[Event "St Petersburg Korchnoi Memorial op"]
[Site "St Petersburg"]
[Date "2023.08.19"]
[Round "3"]
[White "Gusev, Kirill1111"]
[Black "Kuznetsova, Marina"]
[Result "1-0"]
[WhiteElo "1886"]
[BlackElo "2169"]
[PlyCount "99"]
[EventDate "2023.08.18"]
[EventType "swiss"]
[EventRounds "9"]
[EventCountry "RUS"]
[SourceTitle "EXT 2024"]
[Source "ChessBase"]
[SourceDate "2023.10.10"]
[SourceVersion "1"]
[SourceVersionDate "2023.10.10"]
[SourceQuality "1"]

1. d4 Nf6 2. c4 e6 3. Nf3 d5 4. g3 dxc4 5. Bg2 Bb4+ 6. Bd2 a5 7. Qc2 0-0 8. Qxc4 b6 9. Bxb4 Ba6 10. Qb3 axb4 11. Qxb4 c5 12. dxc5 Nc6 13. Qd2 Qe7 14. Nc3 Rfd8 15. Qc1 bxc5 16. 0-0 Rab8 17. b3 Nd4 18. Qa3 Nxe2+ 19. Nxe2 Bxe2 20. Rfc1 Rd5 21. Re1 Bxf3 22. Bxf3 Rd3 23. Bg2 Qd6 24. Rac1 Nd7 25. Qb2 Rb4 26. Rc2 Rd1 27. Rce2 Rbd4 28. h3 h5 29. Qc3 h4 30. Qf3 hxg3 31. Qxg3 e5 32. Qg5 f6 33. Qh5 Nf8 34. Be4 Qe7 35. Rxd1 Rxd1+ 36. Kh2 Rd4 37. f3 Qd6 38. Rg2 Rd2 39. Qg4 Ne6 40. h4 Rxg2+ 41. Qxg2 Nf4 42. Qc2 Kf8 43. a4 Qd4 44. a5 Qe3 45. Bc6 Ne2 46. Qg6 Qf2+ 47. Qg2 Qxh4+ 48. Qh3 Qf2+ 49. Qg2 Qe3 50. Qg4 1-0

[Event "Chigorin Memorial 29th"]
[Site "St Petersburg"]
[Date "2022.10.22"]
[Round "1"]
[White "Afineevskij, Ilya"]
[Black "Kuznetsova, Marina"]
[Result "0-1"]
[WhiteElo "1532"]
[BlackElo "2108"]
[PlyCount "114"]
[EventDate "2022.10.22"]
[EventType "swiss"]
[EventRounds "9"]
[EventCountry "RUS"]
[SourceTitle "EXT 2024"]
[Source "ChessBase"]
[SourceDate "2023.10.10"]
[SourceVersion "1"]
[SourceVersionDate "2023.10.10"]
[SourceQuality "1"]

1. e4 c6 2. d4 d5 3. Nc3 dxe4 4. Nxe4 Nf6 5. Nxf6+ exf6 6. c3 Bd6 7. Bd3 Na6 8. Qc2 h5 9. Ne2 Nc7 10. Bf4 Nd5 11. Bxd6 Qxd6 12. 0-0 Kf8 13. Rae1 g6 14. a3 Kg7 15. c4 Ne7 16. Qc3 Be6 17. Rd1 h4 18. Rfe1 Rac8 19. Bc2 Rhd8 20. b4 b5 21. c5 Qc7 22. Qd2 Nd5 23. Be4 Re8 24. Bxd5 Bxd5 25. Nf4 Qd7 26. h3 Bb3 27. Rb1 Rxe1+ 28. Rxe1 Rd8 29. d5 cxd5 30. Qd4 Re8 31. Re3 Rxe3 32. fxe3 Qc6 33. Kf2 Bc4 34. g4 hxg3+ 35. Kxg3 g5 36. Ng2 Qc7+ 37. Kf2 Kg6 38. h4 Qd7 39. h5+ Kxh5 40. Qxf6 Bd3 41. Kg3 Be4 42. Qh8+ Kg6 43. Qg8+ Kf6 44. Qh8+ Ke6 45. Qh6+ f6 46. Qf8 Kf5 47. Qh8 Ke6 48. Qg8+ Ke5 49. Qb8+ Kf5 50. Qh8 Qc7+ 51. Kf2 Qe5 52. Qc8+ Kg6 53. Qg8+ Kh5 54. Qh8+ Kg4 55. Qc8+ f5 56. Nf4 Qb2+ 57. Ke1 Kf3 0-1

[Event "Moscow op-B (Women) 18th"]
[Site "Moscow"]
[Date "2022.07.15"]
[Round "2"]
[White "Kuznetsova, Marina"]
[Black "Girya, Olga"]
[Result "1-0"]
[WhiteElo "2043"]
[BlackElo "2407"]
[PlyCount "122"]
[EventDate "2022.07.14"]
[EventType "swiss"]
[EventRounds "9"]
[EventCountry "RUS"]
[SourceTitle "CBM 209 Extra"]
[Source "ChessBase"]
[SourceDate "2022.09.30"]
[SourceVersion "1"]
[SourceVersionDate "2022.09.30"]
[SourceQuality "1"]

1. e4 c5 2. Nc3 e6 3. d4 cxd4 4. Qxd4 Nc6 5. Qd3 Nf6 6. Bf4 d5 7. exd5 Nxd5 8. Nxd5 exd5 9. 0-0-0 Be6 10. Ne2 a6 11. Nd4 Qf6 12. Be3 Bc5 13. Nxe6 Bxe3+ 14. Qxe3 Qxe6 15. Rxd5 Qxe3+ 16. fxe3 Ke7 17. Bc4 f6 18. Rhd1 Ne5 19. Bb3 Rhc8 20. Rd6 Rc6 21. Rxc6 bxc6 22. Rd4 c5 23. Rh4 h6 24. Bd5 Ra7 25. Rh3 Kd6 26. e4 Ng4 27. Kd2 f5 28. Rd3 f4 29. Bc4+ Kc6 30. Bd5+ Kd6 31. Bc4+ Ke5 32. Rd5+ Kxe4 33. Rxc5 Kd4 34. b4 Ne5 35. Bd3 Nxd3 36. cxd3 Rf7 37. Rc6 Rb7 38. a3 Ra7 39. h4 g5 40. Rxh6 a5 41. b5 Rg7 42. h5 g4 43. Rg6 Rh7 44. Rxg4 Rxh5 45. Rxf4+ Kc5 46. a4 Rh2 47. Rg4 Rh1 48. Kc2 Rf1 49. Rc4+ Kd5 50. b6 Rf6 51. b7 Rb6 52. Rc7 Kd6 53. Rh7 Rb4 54. Kc3 Ke6 55. g4 Kf6 56. d4 Ke6 57. Kd3 Rb1 58. g5 Kf5 59. Rc7 Kg6 60. Ke4 Rb2 61. Kd5 Kxg5 1-0

[Event "Chigorin Memorial 28th"]
[Site "St Petersburg"]
[Date "2021.10.30"]
[Round "8"]
[White "Antipov, Fedor"]
[Black "Kuznetsova, Marina"]
[Result "0-1"]
[WhiteElo "1395"]
[BlackElo "1996"]
[PlyCount "66"]
[EventDate "2021.10.23"]
[EventType "swiss"]
[EventRounds "9"]
[EventCountry "RUS"]
[SourceTitle "EXT 2023"]
[Source "ChessBase"]
[SourceDate "2022.10.05"]
[SourceVersion "1"]
[SourceVersionDate "2022.10.05"]
[SourceQuality "1"]

1. e4 e5 2. Nf3 Nc6 3. d4 exd4 4. Bc4 Bc5 5. c3 Nf6 6. e5 d5 7. Bb5 Ne4 8. cxd4 Bb6 9. 0-0 0-0 10. Nc3 Bg4 11. Bxc6 bxc6 12. Be3 f6 13. Ne2 Bxf3 14. gxf3 Ng5 15. Bxg5 fxg5 16. Qd3 Qd7 17. Kg2 g4 18. f4 g5 19. f5 Rxf5 20. Ng3 Rf3 21. Qd2 Qg7 22. h3 Rf4 23. Nh5 Qh6 24. Nf6+ Rxf6 25. exf6 gxh3+ 26. Kh2 Qxf6 27. Rg1 h6 28. Rg3 Rf8 29. Rf1 Bxd4 30. f4 Be5 31. Qc2 Kg7 32. Rxh3 Bxf4+ 33. Kg2 Qe6 0-1